[Event "PRO League Group Stage"]
[Site "chess.com INT"]
[Date "2019.02.27"]
[Round "8"]
[White "Petrosian, Tigran L."]
[Black "Tang, Andrew"]
[Result "1-0"]
[WhiteTitle "GM"]
[BlackTitle "GM"]
[WhiteElo "2598"]
[BlackElo "2487"]
[WhiteTeam "Seattle Sluggers"]
[BlackTeam "Minnesota Blizzard"]
[WhiteFideId "13301616"]
[BlackFideId "2059630"]
[EventDate "2019.01.08"]

1. Nf3 d5 2. g3 Nf6 3. Bg2 e6 4. d3 Be7 5. Nbd2 O-O 6. e4 c5 7. O-O Nc6 8. Re1
b5 9. e5 Nd7 10. Nf1 a5 11. h4 b4 12. N1h2 a4 13. Bf4 a3 14. b3 Ba6 15. Qd2 Nd4
16. Nxd4 cxd4 17. Nf3 Qb6 18. Bg5 Bc5 19. h5 Rfc8 20. h6 g6 21. Rac1 Rc7 22. Qf4
Rac8 23. Bf1 Qa7 24. Red1 Bb5 25. Rd2 Nb8 26. Nxd4 Be8 27. Nf3 Nc6 28. d4 Bf8
29. Bd3 Qb6 30. Re1 Na7 31. Nh2 Bb5 32. Ng4 Bxd3 33. Rxd3 Nb5 34. Ree3 Qb7 35.
Kg2 Rxc2 36. Rf3 R2c7 37. Bf6 Nc3 38. Bg7 Be7 39. Qxf7# 1-0

[Event "PRO League Group Stage"]
[Site "chess.com INT"]
[Date "2019.02.27"]
[Round "8"]
[White "Georgiev, Vladimir"]
[Black "Bashkansky, Naomi"]
[Result "1-0"]
[WhiteTitle "GM"]
[BlackTitle "WIM"]
[WhiteElo "2483"]
[BlackElo "1994"]
[WhiteTeam "Minnesota Blizzard"]
[BlackTeam "Seattle Sluggers"]
[WhiteFideId "2903024"]
[BlackFideId "2072289"]
[EventDate "2019.01.08"]

1. Nf3 d5 2. e3 c5 3. b3 Nc6 4. Bb5 f6 5. c4 d4 6. O-O e5 7. exd4 cxd4 8. d3 Bd6
9. Nbd2 Ne7 10. Ne4 O-O 11. c5 Bc7 12. Bc4+ Kh8 13. Re1 Nd5 14. Ba3 Ba5 15. Rf1
Bg4 16. h3 Bh5 17. Ng3 Nc3 18. Qc2 Bxf3 19. gxf3 f5 20. b4 Bxb4 21. Bxb4 Nxb4
22. Qb3 Nbd5 23. Bxd5 Nxd5 24. Rfe1 Nf4 25. Rxe5 Qh4 26. Qd1 Nxh3+ 27. Kf1 Nxf2
28. Kxf2 Qh2+ 29. Kf1 Qxg3 30. Qe2 Qh3+ 31. Qg2 Qh6 32. Rae1 Rg8 33. Re6 Qh5 34.
Re7 Raf8 35. Kf2 f4 36. Rh1 Qf5 37. Re4 Rf6 38. Rg1 Rg6 39. Qh2 Ra6 40. Qxf4
Rxa2+ 41. Kg3 Qg6+ 42. Qg4 Qh6 43. Qh4 Qd2 44. Kg4 Ra6 45. Qg5 Rf8 46. Qxd2 Rg6+
47. Qg5 Rxg5+ 48. Kxg5 h6+ 49. Kg4 Rc8 50. Re5 a5 51. Rge1 Kh7 52. Rd5 a4 53.
Ra1 Ra8 54. Rxd4 a3 55. Rb4 Ra7 56. d4 a2 57. Rb2 Ra4 58. Rd2 Kg6 59. Raxa2 Rc4
60. Rac2 h5+ 61. Kh4 Rb4 62. Rb2 Ra4 63. Rb6+ Kh7 64. Rxb7 1-0

[Event "PRO League Group Stage"]
[Site "chess.com INT"]
[Date "2019.02.27"]
[Round "8"]
[White "Beerdsen, Thomas"]
[Black "Orlov, Georgi"]
[Result "1-0"]
[WhiteTitle "IM"]
[BlackTitle "IM"]
[WhiteElo "2484"]
[BlackElo "2466"]
[WhiteTeam "Minnesota Blizzard"]
[BlackTeam "Seattle Sluggers"]
[WhiteFideId "1030108"]
[BlackFideId "2011271"]
[EventDate "2019.01.08"]

1. e4 d6 2. d4 Nf6 3. Nc3 c6 4. Nf3 Bg4 5. h3 Bh5 6. Bg5 Qa5 7. Qd2 Nbd7 8. a3
e6 9. Bd3 Qb6 10. Be3 Qc7 11. g4 Bg6 12. Nh4 d5 13. e5 Ne4 14. Bxe4 Bxe4 15.
Nxe4 dxe4 16. O-O-O O-O-O 17. Rhe1 f6 18. exf6 Nxf6 19. Bf4 Qb6 20. Be5 Be7 21.
Ng2 c5 22. Nf4 g5 23. Nh5 Rhf8 24. Nxf6 Bxf6 25. Bxf6 Rxf6 26. Qxg5 Rxf2 27.
dxc5 Qc7 28. Rxd8+ Qxd8 29. Qxd8+ Kxd8 30. Rxe4 Kd7 31. Rd4+ Kc7 32. Rd6 Re2 33.
b4 b6 34. cxb6+ axb6 35. Rd2 Re1+ 36. Rd1 Re2 37. Rf1 Kd6 38. Rf7 h5 39. gxh5
Re5 40. h6 Rh5 41. h7 Rxh3 42. a4 Kc6 43. c4 e5 44. Kd2 e4 45. Ke2 1-0

[Event "PRO League Group Stage"]
[Site "chess.com INT"]
[Date "2019.02.27"]
[Round "8"]
[White "Xu, Xiangyu"]
[Black "Illingworth, Max"]
[Result "0-1"]
[WhiteTitle "GM"]
[BlackTitle "GM"]
[WhiteElo "2567"]
[BlackElo "2501"]
[WhiteTeam "Chengdu Pandas"]
[BlackTeam "Australia Kangaroos"]
[WhiteFideId "8608288"]
[BlackFideId "3205207"]
[EventDate "2019.01.08"]

1. Nf3 d5 2. d4 Nf6 3. c4 e6 4. Nc3 Be7 5. Bf4 O-O 6. a3 b6 7. Qc2 c5 8. Rd1 Nc6
9. cxd5 exd5 10. e3 g6 11. Ne5 Bf5 12. Qa4 Na5 13. Bh6 c4 14. Bxf8 Bxf8 15. Nc6
Nxc6 16. Qxc6 a6 17. Be2 Bd7 18. Qb7 Rb8 19. Qxa6 Bc6 20. O-O Ra8 21. Bxc4 Rxa6
22. Bxa6 Bd6 23. Be2 b5 24. b4 Ne4 25. Nxe4 dxe4 26. Rc1 Bd7 27. Rc3 h5 28. Rfc1
Kg7 29. g3 h4 30. Bf1 f5 31. Bg2 Qe7 32. R1c2 g5 33. Re2 Be6 34. Re1 Bc4 35. Rc2
Qe6 36. Rc3 Kg6 37. Rc2 Kf7 38. Rc3 Ke7 39. Rc2 Kd7 40. Rc3 Bd3 41. Bh3 g4 42.
Bg2 h3 43. Bf1 Qa2 44. Rec1 Qb2 45. d5 Be5 46. Rc6 Qxa3 47. Rd1 Qxb4 48. Bxd3
exd3 0-1

[Event "PRO League Group Stage"]
[Site "chess.com INT"]
[Date "2019.02.27"]
[Round "8"]
[White "Bai, Jinshi"]
[Black "Song, Raymond"]
[Result "1-0"]
[WhiteTitle "GM"]
[BlackTitle "FM"]
[WhiteElo "2572"]
[BlackElo "2329"]
[WhiteTeam "Chengdu Pandas"]
[BlackTeam "Australia Kangaroos"]
[WhiteFideId "8602280"]
[BlackFideId "3203824"]
[EventDate "2019.01.08"]

1. Nf3 d5 2. d4 Nf6 3. c4 e6 4. g3 Bb4+ 5. Nbd2 O-O 6. Bg2 b6 7. O-O Bb7 8. Ne5
Qc8 9. cxd5 Bxd5 10. Ndf3 Bd6 11. Bf4 Qb7 12. Qa4 Nc6 13. Rfc1 b5 14. Qd1 Rfd8
15. Nxc6 Bxc6 16. Bg5 Be4 17. Bxf6 gxf6 18. Nh4 c5 19. e3 cxd4 20. Qg4+ 1-0

[Event "PRO League Group Stage"]
[Site "chess.com INT"]
[Date "2019.02.27"]
[Round "8"]
[White "Smirnov, Anton"]
[Black "Chu, Wei Chao"]
[Result "1-0"]
[WhiteTitle "GM"]
[BlackTitle "IM"]
[WhiteElo "2569"]
[BlackElo "2373"]
[WhiteTeam "Australia Kangaroos"]
[BlackTeam "Chengdu Pandas"]
[WhiteFideId "3208923"]
[BlackFideId "8605661"]
[EventDate "2019.01.08"]

1. e4 c6 2. d4 d5 3. e5 c5 4. dxc5 e6 5. Nf3 Bxc5 6. a3 Nc6 7. b4 Bb6 8. Bb2
Nge7 9. Bd3 Ng6 10. O-O O-O 11. Nbd2 Nf4 12. Nb3 a5 13. b5 a4 14. Nbd4 Nxd4 15.
Bxd4 Bxd4 16. Nxd4 Qg5 17. g3 Nxd3 18. Nf3 Nxf2 19. Rxf2 Qe3 20. c4 dxc4 21. Qd6
b6 22. Re1 Qc5 23. Qxc5 bxc5 24. Nd2 Rb8 25. Rb1 Bb7 26. Nxc4 Be4 27. Rbb2 Bd5
28. Rfc2 f6 29. Nd6 fxe5 30. Rxc5 Rf3 31. b6 Rbf8 32. Rb1 Rxa3 33. b7 Rb3 34.
Rxb3 axb3 35. Rxd5 exd5 36. Nc8 b2 37. b8=Q b1=Q+ 38. Qxb1 Rxc8 39. Qb7 Re8 40.
Qxd5+ Kf8 41. Kf2 e4 42. Ke3 g6 43. g4 Re7 44. h4 Kg7 45. Qd4+ Kg8 46. Qf6 Re8
47. h5 1-0

[Event "PRO League Group Stage"]
[Site "chess.com INT"]
[Date "2019.02.27"]
[Round "8"]
[White "Xiong, Jeffery"]
[Black "Naroditsky, Daniel"]
[Result "1-0"]
[WhiteTitle "GM"]
[BlackTitle "GM"]
[WhiteElo "2672"]
[BlackElo "2616"]
[WhiteTeam "Dallas Destiny"]
[BlackTeam "San Francisco Mechanics"]
[WhiteFideId "2047640"]
[BlackFideId "2026961"]
[EventDate "2019.01.08"]

1. d4 Nf6 2. Nf3 g6 3. Nbd2 c5 4. dxc5 Qa5 5. a3 Qxc5 6. b4 Qc7 7. Bb2 Bg7 8. g3
b6 9. Bg2 Bb7 10. c4 d6 11. O-O Nbd7 12. Qb3 O-O 13. Rfd1 Rac8 14. Rac1 Qb8 15.
Nf1 Qa8 16. Ne3 Rfe8 17. Bh3 Rc7 18. Bg2 Rec8 19. Ne1 Bh6 20. h4 Be4 21. Bh3 Re8
22. g4 Bg7 23. g5 Nh5 24. Bxg7 Kxg7 25. Nd5 Bxd5 26. cxd5 Rxc1 27. Rxc1 Ne5 28.
Nd3 f6 29. Nxe5 dxe5 30. e3 fxg5 31. hxg5 Qb8 32. Be6 Kh8 33. Qc3 Ng7 34. Qc7
Nxe6 35. dxe6 a5 36. Qxb8 Rxb8 37. Rc7 axb4 38. axb4 Re8 39. Rb7 Kg7 40. Rxb6 h6
41. gxh6+ Kxh6 42. Rb5 e4 43. Re5 Rb8 44. Rxe4 Kg5 45. f4+ Kg4 46. Kf2 g5 47.
Ke2 gxf4 48. exf4 Kf5 49. Ke3 Rb5 50. Kd3 Rd5+ 51. Rd4 Rb5 52. Kc4 Rb8 53. b5
Kxe6 54. Kc5 Rc8+ 55. Kb6 Rc1 56. Ka7 Ra1+ 57. Kb7 Rb1 58. b6 Rb2 59. Ka7 Ra2+
60. Kb8 Rb2 61. b7 Rb1 62. Ra4 Ra1 63. Rxa1 1-0

[Event "PRO League Group Stage"]
[Site "chess.com INT"]
[Date "2019.02.27"]
[Round "8"]
[White "Holt, Conrad"]
[Black "Bhat, Vinay"]
[Result "1-0"]
[WhiteTitle "GM"]
[BlackTitle "GM"]
[WhiteElo "2548"]
[BlackElo "2519"]
[WhiteTeam "Dallas Destiny"]
[BlackTeam "San Francisco Mechanics"]
[WhiteFideId "2034387"]
[BlackFideId "2011352"]
[EventDate "2019.01.08"]

1. d4 d5 2. c4 c6 3. Nc3 Nf6 4. e3 e6 5. b3 Nbd7 6. Bd3 Bd6 7. Nge2 O-O 8. Bb2
b6 9. Ng3 Bb7 10. O-O Re8 11. e4 e5 12. Nf5 Bf8 13. exd5 cxd5 14. cxd5 e4 15.
Bb5 Nxd5 16. Qg4 Re6 17. Nxe4 Rg6 18. Qf3 N7f6 19. Neg3 h5 20. Rac1 Rc8 21. Rxc8
Qxc8 22. Rc1 Qe6 23. Qe2 Nf4 24. Qxe6 fxe6 25. Rc7 Bxg2 26. Nh4 Rg5 27. Nxg2
Nh3+ 28. Kf1 Rxb5 29. Rxa7 Ng4 30. Ne3 Nhxf2 31. Nc4 Nd3 32. Bc3 h4 33. Ne4 Rf5+
34. Kg1 h3 35. Ra8 Nc1 36. Ng3 Rf2 37. Ne3 Nxe3 38. Kxf2 Nd1+ 39. Ke1 Nxc3 40.
Kd2 N1xa2 41. Nh5 Kf7 42. Ra7+ Kg6 43. Nf4+ Kh6 44. Nxh3 Bd6 45. Nf2 Bf4+ 46.
Kd3 b5 47. Ng4+ Kg6 48. h3 b4 49. Kc4 Nc1 50. Kxb4 N3e2 51. Kc4 1-0

[Event "PRO League Group Stage"]
[Site "chess.com INT"]
[Date "2019.02.27"]
[Round "8"]
[White "Zierk, Steven"]
[Black "Wheeler, Cameron"]
[Result "1-0"]
[WhiteTitle "GM"]
[BlackTitle "IM"]
[WhiteElo "2510"]
[BlackElo "2417"]
[WhiteTeam "San Francisco Mechanics"]
[BlackTeam "Dallas Destiny"]
[WhiteFideId "2034255"]
[BlackFideId "2060531"]
[EventDate "2019.01.08"]

1. e4 e6 2. d4 d5 3. Nd2 c5 4. Ngf3 a6 5. exd5 exd5 6. dxc5 Bxc5 7. Bd3 Nf6 8.
Qe2+ Be7 9. O-O O-O 10. Nd4 Bg4 11. f3 Bh5 12. N2b3 Re8 13. Qf2 Nbd7 14. c3 Nc5
15. Bc2 Nxb3 16. axb3 Bc5 17. b4 Bb6 18. Bg5 Bg6 19. Rad1 a5 20. bxa5 Rxa5 21.
Kh1 Ne4 22. Bxe4 Qxg5 23. Bxg6 hxg6 24. Rfe1 Rxe1+ 25. Qxe1 Ra2 26. Qe2 Bxd4 27.
cxd4 Kh7 28. h3 Qg3 29. Qc2 Ra5 30. Qb3 Qc7 31. Re1 Qc6 32. Qe3 Rb5 33. Qf2 Qf6
34. Re5 Qf4 35. Qc2 f5 36. Qc3 Qh4 37. Re8 Qf2 38. Qc8 Kh6 39. Qd8 g5 40. Rh8+
Kg6 41. Qe8+ Kf6 42. Rf8# 1-0

[Event "PRO League Group Stage"]
[Site "chess.com INT"]
[Date "2019.02.27"]
[Round "8"]
[White "Hong, Andrew"]
[Black "Nguyen, Emily"]
[Result "1-0"]
[WhiteTitle "FM"]
[BlackTitle "WIM"]
[WhiteElo "2390"]
[BlackElo "2262"]
[WhiteTeam "San Francisco Mechanics"]
[BlackTeam "Dallas Destiny"]
[WhiteFideId "2099438"]
[BlackFideId "2054000"]
[EventDate "2019.01.08"]

1. e4 e5 2. Nf3 Nc6 3. Bb5 a6 4. Ba4 Nf6 5. O-O b5 6. Bb3 Be7 7. Re1 O-O 8. h3
d6 9. c3 Bb7 10. d4 Nd7 11. Nbd2 exd4 12. cxd4 Bf6 13. Nf1 Na5 14. Bc2 Re8 15.
Rb1 c5 16. d5 Nc4 17. b3 Ncb6 18. Ne3 g6 19. Ng4 Bg7 20. Bg5 f6 21. Bf4 Ne5 22.
Nfh2 b4 23. Bg3 a5 24. f4 Nf7 25. Bh4 g5 26. Bg3 gxf4 27. Bxf4 f5 28. exf5 Nxd5
29. Bd2 Nc3 30. Bxc3 Bxc3 31. Rf1 h5 32. f6 Kf8 33. Nh6 Bd4+ 34. Kh1 Re5 35.
Nxf7 Kxf7 36. Nf3 Bxf3 37. Qxf3 d5 38. Rbe1 Qd6 39. Rxe5 Qxe5 40. Qd3 Qe4 41.
Qg3 Qe5 42. Qg7+ Ke6 43. Qe7# 1-0

[Event "PRO League Group Stage"]
[Site "chess.com INT"]
[Date "2019.02.27"]
[Round "8"]
[White "Izoria, Zviad"]
[Black "Moradiabadi, Elshan"]
[Result "1/2-1/2"]
[WhiteTitle "GM"]
[BlackTitle "GM"]
[WhiteElo "2603"]
[BlackElo "2546"]
[WhiteTeam "San Jose Hackers"]
[BlackTeam "Montclair Sopranos"]
[WhiteFideId "13601733"]
[BlackFideId "12501255"]
[EventDate "2019.01.08"]

1. Nf3 Nf6 2. c4 e6 3. Nc3 d5 4. e3 a6 5. b3 c5 6. cxd5 exd5 7. d4 Nc6 8. Bb2
Bg4 9. Be2 cxd4 10. Nxd4 Bxe2 11. Ncxe2 Bb4+ 12. Kf1 O-O 13. g3 Ne5 14. Kg2 Re8
15. Nf4 Qd7 16. Nf3 Bd6 17. Nxd5 Nfg4 18. h3 Nxf3 19. Qxf3 Ne5 20. Bxe5 Bxe5 21.
Nb6 Qe7 22. Nxa8 Bxa1 23. Rxa1 Rxa8 24. Rd1 g6 25. Rd4 Rc8 26. Qd1 b5 27. Qd3
Qa3 28. Rd8+ Rxd8 29. Qxd8+ Kg7 30. Qd2 h5 31. e4 Qe7 32. Qd4+ Kg8 33. a4 bxa4
34. bxa4 Qb7 35. Qd5 Qb4 36. a5 Kg7 37. Qe5+ Kg8 38. Qd5 Kg7 39. h4 Qc3 40. e5
Qb4 41. Kh2 Qb2 42. Kg1 Qb1+ 43. Kg2 Qb4 44. e6 fxe6 45. Qd7+ Kh6 46. Qc8 Qe4+
47. Kg1 Qe1+ 48. Kg2 Qe4+ 49. Kh2 Qd4 50. Qf8+ Kh7 51. Qf7+ Kh6 52. Kg1 Qa1+ 53.
Kh2 Qxa5 54. Qf8+ Kh7 55. Qf7+ Kh6 56. Qf8+ Kh7 57. Qf7+ Kh6 1/2-1/2

[Event "PRO League Group Stage"]
[Site "chess.com INT"]
[Date "2019.02.27"]
[Round "8"]
[White "Mamedyarov, Shakhriyar"]
[Black "Khachiyan, Melikset"]
[Result "1-0"]
[WhiteTitle "GM"]
[BlackTitle "GM"]
[WhiteElo "2817"]
[BlackElo "2509"]
[WhiteTeam "San Jose Hackers"]
[BlackTeam "San Diego Surfers"]
[WhiteFideId "13401319"]
[BlackFideId "13300512"]
[EventDate "2019.01.08"]

1. Nf3 d5 2. d4 Nf6 3. c4 c6 4. Qb3 g6 5. g3 Bg7 6. Bg2 O-O 7. O-O Qb6 8. Nc3
Na6 9. Rd1 Qxb3 10. axb3 Bf5 11. Ne1 Nb4 12. Ra4 a5 13. Bf4 b5 14. cxb5 cxb5 15.
Nxb5 Bd7 16. Nc7 Bxa4 17. bxa4 Rac8 18. Nd3 Nxd3 19. Rxd3 e6 20. Rc3 Ne4 21.
Bxe4 dxe4 22. e3 Rfd8 23. Rc5 e5 24. dxe5 Bf8 25. Rd5 Rxd5 26. Nxd5 Rc4 27. b3
Rc1+ 28. Kg2 Rb1 29. Nf6+ Kg7 30. Ne8+ Kh8 31. Nd6 Bxd6 32. exd6 f6 33. d7 Rd1
34. Bc7 Rxd7 35. Bxa5 Rd3 36. b4 Ra3 37. Bd8 Rxa4 38. Bxf6+ Kg8 39. Bc3 Kf7 40.
b5 Rc4 41. Bd4 Rb4 42. b6 Ke6 43. g4 h5 44. Kg3 hxg4 45. Kxg4 Rb1 46. Kg5 Rg1+
47. Kh6 Kd5 48. b7 Rb1 49. Kxg6 Rxb7 50. h4 Rb1 51. Bf6 Rg1+ 52. Bg5 Rg2 53. h5
Rxf2 54. h6 Ke6 55. h7 Rh2 56. Kg7 Kf5 57. Bh6 Rg2+ 58. Kf7 Ra2 59. h8=Q Ra7+
60. Kg8 1-0

[Event "PRO League Group Stage"]
[Site "chess.com INT"]
[Date "2019.02.27"]
[Round "8"]
[White "Bryant, John Daniel"]
[Black "Ravuri, Vinesh"]
[Result "1-0"]
[WhiteTitle "IM"]
[WhiteElo "2449"]
[BlackElo "2042"]
[WhiteTeam "San Diego Surfers"]
[BlackTeam "San Jose Hackers"]
[WhiteFideId "2031280"]
[BlackFideId "45042632"]
[EventDate "2019.01.08"]

1. e4 Nc6 2. Nf3 d6 3. d4 g6 4. d5 Nb8 5. h3 Nf6 6. Bd3 Bg7 7. c4 c6 8. Nc3 O-O
9. O-O Nbd7 10. Be3 Nc5 11. Bc2 cxd5 12. exd5 Bd7 13. Nd4 Rc8 14. Qe2 Re8 15.
Rfd1 e6 16. dxe6 Nxe6 17. Ndb5 Bxb5 18. Nxb5 d5 19. Bb3 d4 20. Qf3 Qe7 21. Nxd4
Nc5 22. Bc2 a6 23. Rac1 Rcd8 24. a3 Qe5 25. b4 Nce4 26. Ba4 Rf8 27. Bb3 Nh5 28.
c5 Ng5 29. Qg4 Ne4 30. c6 bxc6 31. Nxc6 Rxd1+ 32. Rxd1 Qe8 33. Qd7 Qa8 34. Bd5
Nef6 35. Ne7+ Kh8 36. Bxa8 Nxd7 37. Rxd7 Rxa8 38. Nd5 f5 39. Bg5 h6 40. Be7 Rc8
41. g4 Rc1+ 42. Kg2 fxg4 43. hxg4 1-0

[Event "PRO League Group Stage"]
[Site "chess.com INT"]
[Date "2019.02.27"]
[Round "8"]
[White "Hilby, Craig"]
[Black "Chirila, Ioan-Cristian"]
[Result "1-0"]
[WhiteTitle "IM"]
[BlackTitle "GM"]
[WhiteElo "2445"]
[BlackElo "2566"]
[WhiteTeam "San Diego Surfers"]
[BlackTeam "San Jose Hackers"]
[WhiteFideId "2062674"]
[BlackFideId "1211668"]
[EventDate "2019.01.08"]

1. d4 Nf6 2. c4 e6 3. Nf3 d5 4. g3 Bb4+ 5. Nbd2 O-O 6. Bg2 dxc4 7. Qc2 b5 8. a4
c6 9. axb5 cxb5 10. Ng5 h6 11. Nxf7 Rxf7 12. Bxa8 Qxd4 13. O-O a5 14. Bg2 Nd5
15. Nf3 Qf6 16. e4 Nc7 17. e5 Qe7 18. Qg6 Nd7 19. Bf4 Nd5 20. Nd4 Nxf4 21. gxf4
Rxf4 22. Nc6 Qc5 23. Qxe6+ Kh7 24. Nxb4 axb4 25. Ra8 Nb6 26. Rxc8 Nxc8 27. Be4+
Kh8 28. Qg6 Kg8 29. Qe6+ Kh8 30. Qg6 Kg8 31. Rd1 Qxf2+ 32. Kh1 Ne7 33. Qe8+ Rf8
34. Qxe7 c3 35. Bd5+ Kh8 36. Rg1 Rg8 37. Qe6 Rf8 38. Qg6 Qf5 39. Qxg7# 1-0

[Event "PRO League Group Stage"]
[Site "chess.com INT"]
[Date "2019.02.27"]
[Round "8"]
[White "Corrales Jimenez, Fidel"]
[Black "Petrosian, Tigran L."]
[Result "0-1"]
[WhiteTitle "GM"]
[BlackTitle "GM"]
[WhiteElo "2559"]
[BlackElo "2598"]
[WhiteTeam "Minnesota Blizzard"]
[BlackTeam "Seattle Sluggers"]
[WhiteFideId "3506690"]
[BlackFideId "13301616"]
[EventDate "2019.01.08"]

1. e4 g6 2. d4 Bg7 3. Nc3 a6 4. f4 b5 5. Nf3 Bb7 6. Bd3 d6 7. a4 b4 8. Ne2 Nd7
9. c3 bxc3 10. bxc3 e5 11. fxe5 dxe5 12. Ng5 Qe7 13. O-O Nh6 14. Bc4 O-O 15.
Nxf7 Nxf7 16. Ba3 c5 17. Qb3 Rab8 18. Rxf7 Rxf7 19. Rf1 Bd5 20. Qxb8+ Nxb8 21.
Bxd5 exd4 22. Rxf7 Qxf7 23. cxd4 cxd4 24. Nf4 Nd7 25. Kf2 Nb6 26. Bxf7+ Kxf7 27.
a5 Nc4 28. Bb4 Bf8 29. Be1 Bd6 30. Nd3 Ke6 31. h3 Kd7 32. Bb4 Nb2 33. Nxb2 Bxb4
34. Nc4 Kc6 35. Ke2 Kb5 36. Kd3 Bxa5 37. Kxd4 Bd8 38. Kd5 a5 39. Nxa5 Bxa5 40.
Ke6 Kc5 41. Kf6 Kd4 42. Kg7 Kxe4 43. Kxh7 Kf5 44. g4+ Kf6 45. h4 Bd2 46. h5 g5
47. h6 Ke5 48. Kg6 Kf4 49. h7 Bc3 50. Kh5 Bh8 0-1

[Event "PRO League Group Stage"]
[Site "chess.com INT"]
[Date "2019.02.27"]
[Round "8"]
[White "Tang, Andrew"]
[Black "Mikhalevski, Victor"]
[Result "1-0"]
[WhiteTitle "GM"]
[BlackTitle "GM"]
[WhiteElo "2487"]
[BlackElo "2581"]
[WhiteTeam "Minnesota Blizzard"]
[BlackTeam "Seattle Sluggers"]
[WhiteFideId "2059630"]
[BlackFideId "2801914"]
[EventDate "2019.01.08"]

1. d4 Nf6 2. Bf4 d5 3. e3 Bg4 4. Qd3 c6 5. Qb3 Qc8 6. c4 e6 7. Nc3 Nbd7 8. Rc1
Be7 9. h3 Bh5 10. Nf3 Bxf3 11. gxf3 O-O 12. Bd3 Nb6 13. cxd5 exd5 14. a4 Qd7 15.
a5 Nc8 16. Na4 Nh5 17. Be5 f6 18. Bh2 Nd6 19. Nc5 Qxh3 20. Ke2 Nf7 21. Bd6 Qg2
22. Rcg1 Qxg1 23. Rxg1 Nxd6 24. Nxb7 Rab8 25. a6 Kh8 26. Qc2 Nxb7 27. axb7 Rxb7
28. Bxh7 Rfb8 29. Qg6 Rxb2+ 30. Kf1 Rb1+ 31. Kg2 Rxg1+ 32. Kxg1 Ng3 33. Qxg3 1-0

[Event "PRO League Group Stage"]
[Site "chess.com INT"]
[Date "2019.02.27"]
[Round "8"]
[White "Orlov, Georgi"]
[Black "Georgiev, Vladimir"]
[Result "1-0"]
[WhiteTitle "IM"]
[BlackTitle "GM"]
[WhiteElo "2466"]
[BlackElo "2483"]
[WhiteTeam "Seattle Sluggers"]
[BlackTeam "Minnesota Blizzard"]
[WhiteFideId "2011271"]
[BlackFideId "2903024"]
[EventDate "2019.01.08"]

1. e4 d6 2. d4 Nf6 3. Nc3 e5 4. Nf3 Nbd7 5. g3 c6 6. a4 Be7 7. Bg2 O-O 8. O-O
Re8 9. h3 Qc7 10. Be3 b6 11. Nd2 Ba6 12. Re1 Rad8 13. Nb3 Bc4 14. Nd2 Ba6 15.
Nb3 Bc4 16. f4 Bf8 17. Nd2 Ba6 18. Qf3 Bb7 19. g4 exd4 20. Bxd4 c5 21. Bxf6 Nxf6
22. g5 Nd7 23. Nc4 f5 24. Nd5 Bxd5 25. exd5 a6 26. Qb3 Qb8 27. Re6 b5 28. axb5
axb5 29. Na5 c4 30. Qe3 Qa8 31. Qe1 Nc5 32. Nc6 Nxe6 33. Rxa8 Nc7 34. Qa5 Rxa8
35. Qxc7 Ra2 36. Qd7 Re1+ 37. Kf2 Raa1 38. Nd4 Re7 39. Qc8 Rc1 40. Qxf5 g6 41.
Qc8 Kf7 42. f5 gxf5 43. Bf3 Re5 44. Bh5+ Kg8 45. Ne6 Rxc2+ 46. Kf3 1-0

[Event "PRO League Group Stage"]
[Site "chess.com INT"]
[Date "2019.02.27"]
[Round "8"]
[White "Bashkansky, Naomi"]
[Black "Beerdsen, Thomas"]
[Result "0-1"]
[WhiteTitle "WIM"]
[BlackTitle "IM"]
[WhiteElo "1994"]
[BlackElo "2484"]
[WhiteTeam "Seattle Sluggers"]
[BlackTeam "Minnesota Blizzard"]
[WhiteFideId "2072289"]
[BlackFideId "1030108"]
[EventDate "2019.01.08"]

1. d4 d5 2. c4 Nc6 3. cxd5 Qxd5 4. e3 e5 5. Nc3 Bb4 6. a3 Bxc3+ 7. bxc3 Nf6 8.
c4 Qd6 9. d5 Ne7 10. Bb2 O-O 11. Bd3 Ng6 12. Bc2 c6 13. e4 b5 14. cxb5 cxd5 15.
exd5 Rb8 16. Bxg6 hxg6 17. a4 Qb4+ 18. Qd2 Qe4+ 19. Kf1 Nxd5 20. Ne2 Rd8 21. Nc3
Qb4 22. Rd1 Bg4 23. f3 Nxc3 24. Qxd8+ Rxd8 25. Rxd8+ Kh7 26. Bxc3 Qxc3 27. Kf2
e4 28. fxg4 Qf6+ 29. Ke3 Qxd8 30. Kxe4 Qd2 31. Kf3 Qc3+ 32. Kf2 Qd4+ 33. Kg3
Qxa4 34. Rf1 f6 35. h4 Qxb5 36. Rf3 Qe5+ 37. Kh3 a5 38. g3 Qe4 39. Rf4 Qh1# 0-1

[Event "PRO League Group Stage"]
[Site "chess.com INT"]
[Date "2019.02.27"]
[Round "8"]
[White "Smirnov, Anton"]
[Black "Xu, Xiangyu"]
[Result "1/2-1/2"]
[WhiteTitle "GM"]
[BlackTitle "GM"]
[WhiteElo "2569"]
[BlackElo "2567"]
[WhiteTeam "Australia Kangaroos"]
[BlackTeam "Chengdu Pandas"]
[WhiteFideId "3208923"]
[BlackFideId "8608288"]
[EventDate "2019.01.08"]

1. e4 c5 2. Nf3 d6 3. d4 cxd4 4. Nxd4 Nf6 5. Nc3 Nc6 6. Bg5 e6 7. Qd2 a6 8.
O-O-O h6 9. Nxc6 bxc6 10. Bf4 d5 11. Qe3 Bb4 12. Be2 O-O 13. e5 Nh7 14. a3 Be7
15. Ne4 f5 16. exf6 Nxf6 17. Nxf6+ Bxf6 1/2-1/2

[Event "PRO League Group Stage"]
[Site "chess.com INT"]
[Date "2019.02.27"]
[Round "8"]
[White "Miroshnichenko, Evgenij"]
[Black "Bai, Jinshi"]
[Result "1/2-1/2"]
[WhiteTitle "GM"]
[BlackTitle "GM"]
[WhiteElo "2597"]
[BlackElo "2572"]
[WhiteTeam "Australia Kangaroos"]
[BlackTeam "Chengdu Pandas"]
[WhiteFideId "14102595"]
[BlackFideId "8602280"]
[EventDate "2019.01.08"]

1. Nf3 Nf6 2. c4 g6 3. Nc3 d5 4. cxd5 Nxd5 5. e4 Nxc3 6. dxc3 Qxd1+ 7. Kxd1 f6
8. Be3 e5 9. Bc4 Nd7 10. Nd2 Bc5 11. Ke2 Bxe3 12. Kxe3 a5 13. a4 Nb6 14. Bb3 Ke7
15. Nc4 Nxc4+ 16. Bxc4 Be6 17. Bxe6 Kxe6 18. Rhd1 Rhd8 19. f3 1/2-1/2

[Event "PRO League Group Stage"]
[Site "chess.com INT"]
[Date "2019.02.27"]
[Round "8"]
[White "Bao, Qilin"]
[Black "Song, Raymond"]
[Result "0-1"]
[WhiteTitle "IM"]
[BlackTitle "FM"]
[WhiteElo "2412"]
[BlackElo "2329"]
[WhiteTeam "Chengdu Pandas"]
[BlackTeam "Australia Kangaroos"]
[WhiteFideId "8605750"]
[BlackFideId "3203824"]
[EventDate "2019.01.08"]

1. Nf3 d5 2. c4 d4 3. e3 Nc6 4. b4 dxe3 5. fxe3 Nxb4 6. d4 e5 7. Be2 e4 8. Nfd2
Qg5 9. Nxe4 Qxg2 10. Nf2 Bf5 11. Qa4+ c6 12. Na3 Nf6 13. Bd2 Ne4 14. Rf1 Nxd2
15. Kxd2 Be7 16. Qa5 Bg6 17. Qe5 f6 18. Qc7 Kf7 19. Ng4 Rhc8 20. Qd7 Rd8 21.
Qxb7 Rab8 22. Ne5+ Ke8 23. Qc7 fxe5 24. Qxe5 Nd3 25. Qe6 Rb2+ 26. Kc3 Qxe2 27.
Rad1 Rb3+ 0-1